| Tag |
First Indicator |
Second Indicator |
Subfields |
| LEADER |
00000cam a2200000Ii 4500 |
| 001 |
in00003949385 |
| 006 |
m o d |
| 007 |
cr cnu---unuuu |
| 008 |
180301s2018 nyu ob 001 0 eng d |
| 005 |
20250816212619.7 |
| 020 |
|
|
|a 9781462535248
|q (electronic bk.)
|
| 020 |
|
|
|a 1462535240
|q (electronic bk.)
|
| 020 |
|
|
|z 9781462535194
|
| 020 |
|
|
|z 1462535194
|
| 020 |
|
|
|z 9781462535200
|
| 020 |
|
|
|z 1462535208
|
| 024 |
8 |
|
|a 40028002714
|
| 035 |
|
|
|a (NhCcYBP)ebc5312037
|
| 040 |
|
|
|a NhCcYBP
|c NhCcYBP
|d UtOrBLW
|
| 050 |
|
4 |
|a HV6441
|b .H35 2018
|
| 072 |
|
7 |
|a SOC
|x 004000
|2 bisacsh
|
| 082 |
0 |
4 |
|a 364.106
|2 23
|
| 100 |
1 |
|
|a Hall, Tim,
|d 1968-
|e author.
|0 http://id.loc.gov/authorities/names/n97040848
|
| 245 |
1 |
4 |
|a The economic geographies of organized crime /
|c Tim Hall.
|
| 264 |
|
1 |
|a New York :
|b Guilford Press,
|c [2018]
|
| 264 |
|
4 |
|c ©2018
|
| 300 |
|
|
|a 1 online resource.
|
| 336 |
|
|
|a text
|b txt
|2 rdacontent
|
| 337 |
|
|
|a computer
|b c
|2 rdamedia
|
| 338 |
|
|
|a online resource
|b cr
|2 rdacarrier
|
| 504 |
|
|
|a Includes bibliographical references and index.
|
| 505 |
0 |
|
|a Geography and organized crime -- Contemporary organized crime -- Measuring and researching organized crime -- The organization of criminal enterprises -- The spatialities of organized crime -- Criminal mobilities -- Responding to organized crime -- Toward economic geographies of organized crime.
|
| 588 |
0 |
|
|a Description based on online resource; title from PDF title page (EBSCO, viewed March 1, 2018).
|
| 500 |
|
|
|a Electronic resource.
|
| 650 |
|
0 |
|a Organized crime.
|0 http://id.loc.gov/authorities/subjects/sh85095528
|
| 650 |
|
0 |
|a Economic geography.
|0 http://id.loc.gov/authorities/subjects/sh85054016
|
| 655 |
|
7 |
|a Electronic books.
|2 local
|
| 710 |
2 |
|
|a ProQuest (Firm)
|0 http://id.loc.gov/authorities/names/n2007068018
|
| 856 |
4 |
0 |
|u https://ebookcentral.proquest.com/lib/tamucs/detail.action?docID=5312037
|y Connect to the full text of this electronic book
|t 0
|
| 945 |
|
|
|a machinegen
|
| 955 |
|
|
|a YBP purchased approval e-records
|
| 980 |
|
|
|b 160.00
|g 1
|
| 987 |
|
|
|a ybp15188129
|
| 999 |
f |
f |
|s b15fde36-7e81-3bd2-bc90-6bade2becf49
|i 77e850e1-7fd1-3f68-95a5-6d70d5134d79
|t 0
|
| 952 |
f |
f |
|a Texas A&M University
|b College Station
|c Electronic Resources
|d Available Online
|t 0
|e HV6441 .H35 2018
|h Library of Congress classification
|
| 998 |
f |
f |
|a HV6441 .H35 2018
|t 0
|l Available Online
|